00679nam a2200145 a 450000100100000000500170001000800410002704000250006810000420009324501250013526001120026030000380037295201060041099900170051600003872920201002031342.0130419s2012 dr ad 000 0 spa d aDO-SdBNPbspacBNPHU1 aMejía Santana, Julio César96503510aEmpleo y desempleo en República Dominicana :bla controversia de las cifras oficiles /cJulio César Mejía Santana. aSanto Domingo :bInstituto de Estadisticas y Estudios Interdisciplinarios para el Desarrollo (IDEE),c2012. a238 p. :bil., gráfs. ;c27 cm. 00107-18PDaPDbPDcOId2013-04-19iLF1l0o p38729-10r2020-06-25w2020-06-25yLFPDZNo se presta c38219d38219